[Event "Fall TNM"]
[Site "San Francisco"]
[Date "2005.11.15"]
[Round "3"]
[White "Blagodarsky, Ilya"]
[Black "Ladyzhensky, Boris"]
[Result "0-1"]
[WhiteElo "1332"]
[BlackElo "1721"]
[PlyCount "84"]
[EventDate "2005.11.01"]
[EventType "swiss"]
[EventRounds "8"]
[EventCountry "USA"]

1. e4 c5 2. Nf3 d6 3. d4 cxd4 4. Nxd4 Nf6 5. Nc3 a6 6. Bg5 e6 7. f3 Be7 8. Bd3
O-O 9. Qd2 Nc6 10. Nb3 Bd7 11. O-O-O Rc8 12. Kb1 b5 13. a3 Ne5 14. h4 Nc4 15.
Bxc4 bxc4 16. Nc1 Ne8 17. Bxe7 Qxe7 18. g4 Rc6 19. Qh2 Nc7 20. N1e2 Nb5 21. Ka2
Nxc3+ 22. Nxc3 Rb6 23. Rb1 Bc6 24. Qf4 Rd8 25. h5 d5 26. exd5 exd5 27. Rhd1 Qb7
28. Rd4 Rb8 29. Qc1 a5 30. Nd1 Qa7 31. g5 Rb4 32. Rg4 d4 33. f4 Bd5 34. Ka1 Ra4
35. b3 Rab4 36. f5 a4 37. Nb2 axb3 38. Nxc4 Bxc4 39. cxb3 Rxb3 40. Rg3 Rxb1+
41. Qxb1 Rxb1+ 42. Kxb1 Qb8+ 0-1

[Event "Fall TNM"]
[Site "San Francisco"]
[Date "2005.11.15"]
[Round "3"]
[White "Braden, Brian"]
[Black "Brown, Nicholas"]
[Result "0-1"]
[WhiteElo "1127"]
[BlackElo "1471"]
[PlyCount "82"]
[EventDate "2005.11.01"]
[EventType "swiss"]
[EventRounds "8"]
[EventCountry "USA"]

1. d4 d5 2. Nf3 Bf5 3. Bf4 Nf6 4. Nbd2 e6 5. e3 c5 6. c3 Be7 7. Be2 O-O 8. O-O
Nc6 9. Ne5 cxd4 10. cxd4 Bd6 11. Ndf3 Nh5 12. Nxc6 bxc6 13. Bxd6 Qxd6 14. Ne5
Nf6 15. Rc1 Rac8 16. Qa4 c5 17. Qxa7 c4 18. Qa4 Ra8 19. Qc6 Qxc6 20. Nxc6 Rxa2
21. Ne7+ Kh8 22. Nxf5 exf5 23. Bf3 Rxb2 24. Ra1 Rc8 25. Ra5 c3 26. Raa1 Ne4 27.
Rfc1 g6 28. Bd1 Nxf2 29. Bc2 Ng4 30. Rab1 Nxe3 31. Bb3 Rxb1 32. Rxb1 Rb8 33.
Kf2 Ng4+ 34. Kg3 Rb4 35. h3 Nf6 36. Kf4 Ne4 37. Ke3 Nd2 38. Rc1 Rxb3 39. Kd3
Ne4 40. Kc2 Rb2+ 41. Kd1 Rxg2 0-1

[Event "Fall TNM"]
[Site "San Francisco"]
[Date "2005.11.15"]
[Round "3"]
[White "Dunham, Tom"]
[Black "Allen, Tom"]
[Result "1-0"]
[WhiteElo "1336"]
[BlackElo "1506"]
[PlyCount "39"]
[EventDate "2005.11.01"]
[EventType "swiss"]
[EventRounds "8"]
[EventCountry "USA"]

1. e4 e5 2. Nf3 Nc6 3. d4 exd4 4. Nxd4 Qh4 5. Nb5 Qxe4+ 6. Be2 Kd8 7. O-O d6 8.
N1c3 Qe8 9. Nd5 Qd7 10. Nbxc7 Rb8 11. Re1 Nge7 12. Bf4 Nxd5 13. Nxd5 b6 14. Bh5
Be7 15. Nxe7 Nxe7 16. Bxd6 Nc6 17. Bxb8 Nxb8 18. Bxf7 Kc7 19. Qf3 Qc6 20. Qg3+
1-0

[Event "Fall TNM"]
[Site "San Francisco"]
[Date "2005.11.15"]
[Round "3"]
[White "Hilliard, Michael"]
[Black "Chan, John"]
[Result "0-1"]
[WhiteElo "1435"]
[BlackElo "1613"]
[PlyCount "110"]
[EventDate "2005.11.01"]
[EventType "swiss"]
[EventRounds "8"]
[EventCountry "USA"]

1. d4 Nf6 2. Nf3 c6 3. e3 e6 4. Bd3 d5 5. O-O Bd6 6. Nbd2 O-O 7. e4 dxe4 8.
Nxe4 Nxe4 9. Bxe4 Nd7 10. Qd3 f5 11. Qc4 fxe4 12. Qxe6+ Kh8 13. Qxe4 Nf6 14.
Qd3 Bg4 15. Bg5 Bxf3 16. Qxf3 Qd7 17. Be3 Bxh2+ 18. Kxh2 Ng4+ 19. Kg3 Rxf3+ 20.
gxf3 Nf6 21. Rh1 Kg8 22. Rh4 Re8 23. Rah1 Re6 24. c3 Qf7 25. c4 h5 26. b3 g6
27. Bg5 Nh7 28. Be3 Rf6 29. f4 Rf5 30. Re1 Nf6 31. Bc1 Ng4 32. f3 g5 33. Rhh1
gxf4+ 34. Kg2 Nf6 35. Rh4 Qg6+ 36. Kh1 Kf7 37. Bxf4 Ra5 38. Rh2 Qd3 39. Be3 Rf5
40. Rf2 h4 41. Kh2 Rh5 42. Rfe2 Qf5 43. Rf1 Rh8 44. Rg2 Qd3 45. Re1 Re8 46.
Rge2 a6 47. Kh3 b5 48. cxb5 axb5 49. Kxh4 Rg8 50. Bg5 Qh7+ 51. Kg3 Rxg5+ 52.
Kf2 Qh4+ 53. Ke3 Nd5+ 54. Kd2 Qxd4+ 55. Kc1 Qa1+ 0-1

[Event "Fall TNM"]
[Site "San Francisco"]
[Date "2005.11.15"]
[Round "3"]
[White "Ismakov, Arthur"]
[Black "Drane, Robert"]
[Result "1-0"]
[WhiteElo "2117"]
[BlackElo "1843"]
[PlyCount "37"]
[EventDate "2005.11.01"]
[EventType "swiss"]
[EventRounds "8"]
[EventCountry "USA"]

1. e4 Nf6 2. e5 Nd5 3. d4 d6 4. Nf3 c6 5. h3 g6 6. Bc4 dxe5 7. dxe5 Qa5+ 8. Bd2
Qc7 9. Nc3 Be6 10. Qe2 Nxc3 11. Bxc3 Bxc4 12. Qxc4 e6 13. O-O-O Nd7 14. Qf4 h6
15. Nd2 f5 16. Nc4 Be7 17. Nd6+ Kf8 18. Qc4 Bxd6 19. exd6 1-0

[Event "Fall TNM"]
[Site "San Francisco"]
[Date "2005.11.15"]
[Round "3"]
[White "Kleiman, Charles"]
[Black "Sainz, Guadalupe"]
[Result "1/2-1/2"]
[WhiteElo "1883"]
[BlackElo "1679"]
[PlyCount "127"]
[EventDate "2005.11.01"]
[EventType "swiss"]
[EventRounds "8"]
[EventCountry "USA"]

1. d4 Nf6 2. c4 e6 3. Nf3 b6 4. g3 Bb7 5. Bg2 d5 6. O-O dxc4 7. Qa4+ Nbd7 8.
Qxc4 Be7 9. Nc3 O-O 10. Bf4 Bd6 11. Be3 a6 12. a4 Rc8 13. Rfd1 Qe7 14. Rab1 c5
15. dxc5 Nxc5 16. Qh4 Nd5 17. Qxe7 Bxe7 18. Nxd5 Bxd5 19. Bxc5 Rxc5 20. Nd2 Rd8
21. b4 Rc2 22. Bxd5 Rxd5 23. Nf1 Rxd1 24. Rxd1 Bxb4 25. Rd8+ Bf8 26. Rb8 Rb2
27. a5 b5 28. Ra8 Rxe2 29. Rxa6 g6 30. Rc6 Bb4 31. a6 Be1 32. f4 Ra2 33. Kh1
Bf2 34. g4 b4 35. Rc8+ Kg7 36. Rb8 Ra1 37. Kg2 Ra2 38. Kf3 Bc5 39. Rb5 Ra3+ 40.
Ke2 Bd6 41. Rb6 Bf8 42. Nd2 Bc5 43. Rb5 Bg1 44. Nf3 Ra2+ 45. Kd3 Ra3+ 46. Ke2
Ba7 47. Ne5 Rxa6 48. Rxb4 Bg1 49. h3 Ra7 50. Kf3 h6 51. Rb3 Bh2 52. Rd3 Ra4 53.
Rd7 Rxf4+ 54. Kg2 Kf6 55. Nxf7 e5 56. Nxh6 Rd4 57. Rxd4 exd4 58. Kxh2 d3 59.
g5+ Kxg5 60. Ng4 Kf4 61. Kg2 d2 62. Nf2 Ke3 63. Kg3 g5 64. Kg2 1/2-1/2

[Event "Fall TNM"]
[Site "San Francisco"]
[Date "2005.11.15"]
[Round "3"]
[White "Krasnov, Steven"]
[Black "Crawford, Gareth"]
[Result "1-0"]
[WhiteElo "1872"]
[BlackElo "1323"]
[PlyCount "79"]
[EventDate "2005.11.01"]
[EventType "swiss"]
[EventRounds "8"]
[EventCountry "USA"]

1. Nf3 Nf6 2. c4 e6 3. g3 d5 4. b3 c6 5. Bb2 Bd6 6. Bg2 O-O 7. O-O Re8 8. Nc3
e5 9. cxd5 cxd5 10. Nb5 Nc6 11. Nxd6 Qxd6 12. d4 e4 13. Ne5 Ng4 14. Qd2 Ngxe5
15. dxe5 Qe6 16. f4 exf3 17. exf3 Rd8 18. f4 b6 19. Rac1 Ba6 20. Rfd1 Ne7 21.
Ba3 Rd7 22. Bxe7 Qxe7 23. Bh3 Rdd8 24. Rc2 Bc8 25. Bxc8 Raxc8 26. Rxc8 Rxc8 27.
Qxd5 Kf8 28. Kg2 Ke8 29. Qb5+ Kf8 30. Rd2 Rd8 31. Re2 Qd7 32. Qb4+ Qe7 33. Qe4
Kg8 34. f5 Rf8 35. h4 f6 36. Qc4+ Qf7 37. e6 Qe7 38. Rd2 Re8 39. Rd7 Qf8 40.
Qc7 1-0

[Event "Fall TNM"]
[Site "San Francisco"]
[Date "2005.11.15"]
[Round "3"]
[White "Mar, Henry"]
[Black "Rudyak, Felix"]
[Result "0-1"]
[WhiteElo "1565"]
[BlackElo "1847"]
[PlyCount "54"]
[EventDate "2005.11.01"]
[EventType "swiss"]
[EventRounds "8"]
[EventCountry "USA"]

1. d4 d5 2. Nf3 Nf6 3. e3 c6 4. Bd3 Bg4 5. Nbd2 e6 6. O-O Bd6 7. h3 Bh5 8. Qe2
Nbd7 9. e4 dxe4 10. Nxe4 Nxe4 11. Bxe4 Nf6 12. Bg5 Qc7 13. Qd3 Bf4 14. Bxf4
Qxf4 15. Rfe1 Nxe4 16. Rxe4 Qf6 17. Re3 Rd8 18. c3 O-O 19. Rc1 c5 20. Ne5 cxd4
21. cxd4 Rd5 22. g4 Bg6 23. Nxg6 hxg6 24. Re5 Rfd8 25. g5 Qf4 26. Rxd5 Rxd5 27.
Qg3 Rxg5 0-1

[Event "Fall TNM"]
[Site "San Francisco"]
[Date "2005.11.15"]
[Round "3"]
[White "Parker, Frank"]
[Black "McCutchen, Wilmot"]
[Result "1-0"]
[WhiteElo "1811"]
[BlackElo "1554"]
[PlyCount "69"]
[EventDate "2005.11.01"]
[EventType "swiss"]
[EventRounds "8"]
[EventCountry "USA"]

1. d4 d5 2. Nf3 Nf6 3. c4 e6 4. Nc3 c5 5. e3 Nc6 6. Bd3 dxc4 7. Bxc4 cxd4 8.
exd4 Be7 9. O-O O-O 10. a3 b6 11. Re1 Re8 12. Bf4 Bb7 13. h3 Rc8 14. Ba2 Na5
15. Ne5 a6 16. Rc1 b5 17. Nxf7 Kxf7 18. Bxe6+ Kf8 19. Bxc8 Bxc8 20. Nxb5 axb5
21. Bc7 Qd5 22. Bxa5 Bb7 23. f3 Bd6 24. Rxe8+ Nxe8 25. Bb4 Bxb4 26. axb4 Qd6
27. Rc5 Bc6 28. Qd3 Nf6 29. Qc3 Bd7 30. Re5 Kf7 31. Qc5 Qa6 32. h4 Qa1+ 33. Kh2
Qxb2 34. Qe7+ Kg8 35. Rg5 1-0

[Event "Fall TNM"]
[Site "San Francisco"]
[Date "2005.11.15"]
[Round "3"]
[White "Perepelitsky, Edward"]
[Black "Sanguinetti, George"]
[Result "0-1"]
[WhiteElo "2125"]
[BlackElo "1941"]
[PlyCount "92"]
[EventDate "2005.11.01"]
[EventType "swiss"]
[EventRounds "8"]
[EventCountry "USA"]

1. d4 Nf6 2. c4 e6 3. Nc3 c5 4. d5 exd5 5. cxd5 d6 6. Nf3 a6 7. a4 Nbd7 8. e4
Rb8 9. Be2 Qe7 10. Nd2 g6 11. O-O Bg7 12. Nc4 O-O 13. f3 Ne5 14. Na3 Ne8 15.
Be3 f5 16. Qd2 Nf7 17. exf5 gxf5 18. Rfe1 Qf6 19. Nc4 b6 20. f4 Bd7 21. Ra2 Qg6
22. Bf3 Kh8 23. Ne2 Qf6 24. b4 Qd8 25. a5 b5 26. Nb6 c4 27. Nd4 Nc7 28. Qc1 Re8
29. Rae2 Nh6 30. Bh5 Re4 31. Nf3 Be8 32. Bxe8 Qxe8 33. Ng5 Re7 34. Qd1 Qf8 35.
Bd4 Rbe8 36. Ne6 Nxe6 37. dxe6 Qg8 38. Bxg7+ Qxg7 39. Qxd6 Rg8 40. Nd5 Ree8 41.
e7 Qd4+ 42. Kh1 Ng4 43. Qc5 Qxc5 44. bxc5 Kg7 45. c6 Nf6 46. Nc7 Ne4 0-1

[Event "Fall TNM"]
[Site "San Francisco"]
[Date "2005.11.15"]
[Round "3"]
[White "Salvo, Tab"]
[Black "Grey, Peter"]
[Result "0-1"]
[WhiteElo "1712"]
[BlackElo "2021"]
[PlyCount "104"]
[EventDate "2005.11.01"]
[EventType "swiss"]
[EventRounds "8"]
[EventCountry "USA"]

1. Nf3 g6 2. g3 Bg7 3. Bg2 e5 4. d3 d5 5. O-O Ne7 6. Nbd2 O-O 7. Rb1 h6 8. c4
c6 9. b3 Be6 10. Bb2 Nd7 11. Re1 g5 12. Qc2 Ng6 13. Nf1 Rc8 14. N3d2 f5 15. Qd1
f4 16. e3 fxg3 17. fxg3 Nf6 18. Qc2 Qd7 19. Rbc1 Bh3 20. Nf3 Bxg2 21. Qxg2 Qf5
22. Rcd1 Ng4 23. N3d2 Nf2 24. e4 Qf7 25. Rb1 Nxd3 26. Re3 Nxb2 27. Rxb2 d4 28.
Rd3 Qe6 29. h3 Rf7 30. Nh2 Rcf8 31. Ndf1 Kh7 32. Re2 h5 33. Rc2 Bh6 34. Kh1 Rf6
35. Re2 Qf7 36. Kg1 h4 37. Nd2 hxg3 38. Qxg3 Nf4 39. Rf2 Nxd3 40. Rxf6 Qxf6 41.
Ng4 Qf4 42. Qxd3 Kg6 43. Kg2 Bg7 44. Nf1 Qc1 45. Qe2 Qc3 46. Ng3 d3 47. Qe3
Qc2+ 48. Nf2 d2 49. Nf5 d1=Q 50. Qc5 Qdd2 51. Kg3 Qf4+ 52. Kg2 Qfxe4+ 0-1

[Event "Fall TNM"]
[Site "San Francisco"]
[Date "2005.11.15"]
[Round "3"]
[White "Samatra, Mario"]
[Black "Chalissery, Jossy"]
[Result "1-0"]
[WhiteElo "1900"]
[BlackElo "1688"]
[PlyCount "120"]
[EventDate "2005.11.01"]
[EventType "swiss"]
[EventRounds "8"]
[EventCountry "USA"]

1. d4 d5 2. c4 dxc4 3. e3 e5 4. Bxc4 exd4 5. exd4 Nf6 6. Ne2 Bd6 7. Bg5 O-O 8.
Nbc3 c6 9. O-O Nbd7 10. Ne4 Be7 11. Nxf6+ Nxf6 12. Re1 h6 13. Bh4 Re8 14. Qb3
Nd5 15. Bxd5 cxd5 16. Bxe7 Rxe7 17. Nc3 Be6 18. Re3 Rc8 19. Rae1 a6 20. Re5 Rc4
21. Qd1 Rec7 22. f4 Qf6 23. g3 b5 24. a3 Rd7 25. Qd3 g6 26. h4 h5 27. Qe3 Rd6
28. Rf1 Kg7 29. Rd1 Bg4 30. Rd2 Be6 31. Qf3 Qd8 32. Qe3 Qf6 33. Kg2 Kg8 34. Rg5
Kf8 35. Re5 Kg7 36. b3 Rc8 37. Qf3 Qd8 38. Qe3 Qf6 39. Re2 Rc7 40. Nd1 Bg4 41.
Rd2 Bxd1 42. Rxd1 Rc2+ 43. Rd2 Rc7 44. Qd3 Qd8 45. f5 g5 46. Qf3 g4 47. Qf4 Qf6
48. Rde2 Rc3 49. R2e3 Rc2+ 50. Re2 Rc3 51. R5e3 Rxe3 52. Rxe3 Rc6 53. Kf2 Rc2+
54. Re2 Rxe2+ 55. Kxe2 Qe7+ 56. Qe5+ Qf6 57. Kd3 Qxe5 58. dxe5 Kf8 59. Kd4 Ke7
60. Kxd5 f6 1-0

[Event "Fall TNM"]
[Site "San Francisco"]
[Date "2005.11.15"]
[Round "3"]
[White "Sherwood, Peter"]
[Black "Dorn, Richard"]
[Result "1-0"]
[WhiteElo "1711"]
[BlackElo "1933"]
[PlyCount "55"]
[EventDate "2005.11.01"]
[EventType "swiss"]
[EventRounds "8"]
[EventCountry "USA"]

1. e4 e5 2. Nf3 Nf6 3. Nc3 Nc6 4. Bb5 Qe7 5. O-O g6 6. d3 a6 7. Bc4 b5 8. Bb3
Nd4 9. Bg5 Bg7 10. Nd5 Qd6 11. Nxd4 Nxd5 12. Bxd5 c6 13. Bxf7+ Kxf7 14. Nf3 Re8
15. Nh4 Kg8 16. Qd2 Qc5 17. Kh1 d5 18. f3 a5 19. Rf2 Qd6 20. Raf1 Be6 21. f4
exf4 22. Bxf4 Be5 23. Bxe5 Qxe5 24. Nf3 Qxb2 25. e5 d4 26. Qh6 Qxa2 27. Ng5 Ra7
28. Rf8+ 1-0

[Event "Fall TNM"]
[Site "San Francisco"]
[Date "2005.11.15"]
[Round "3"]
[White "Starr, Albert"]
[Black "Russell, Joe"]
[Result "0-1"]
[WhiteElo "1521"]
[BlackElo "1386"]
[PlyCount "72"]
[EventDate "2005.11.01"]
[EventType "swiss"]
[EventRounds "8"]
[EventCountry "USA"]

1. b4 e5 2. b5 Nf6 3. Bb2 d6 4. e3 Be7 5. Nf3 O-O 6. Be2 Be6 7. O-O h6 8. d3 c6
9. a4 cxb5 10. axb5 a5 11. Nbd2 b6 12. c4 Nbd7 13. Re1 Nc5 14. d4 exd4 15. exd4
Nce4 16. d5 Nxd2 17. dxe6 Nxf3+ 18. Bxf3 Rc8 19. Bc6 fxe6 20. Rxe6 Kh8 21. Ba3
Qc7 22. Bxd6 Bxd6 23. Qxd6 Qf7 24. f3 Rcd8 25. Qe7 Qg6 26. Be4 Qg5 27. Rxb6
Qc5+ 28. Kf1 Qxb6 29. Bc6 Qd4 30. Rc1 Qd3+ 31. Kg1 Qd2 32. Rf1 Qd4+ 33. Kh1
Qxc4 34. Re1 Rde8 35. Qxe8 Rxe8 36. Rxe8+ Nxe8 0-1

[Event "Fall TNM"]
[Site "San Francisco"]
[Date "2005.11.15"]
[Round "3"]
[White "Tuvshintugs, Batchimeg"]
[Black "Perepelitsky, Philipp"]
[Result "1/2-1/2"]
[WhiteElo "2270"]
[BlackElo "2111"]
[PlyCount "85"]
[EventDate "2005.11.01"]
[EventType "swiss"]
[EventRounds "8"]
[EventCountry "USA"]

1. e4 d6 2. d4 Nf6 3. Nc3 g6 4. Nf3 Bg7 5. Be2 O-O 6. O-O Bg4 7. Be3 Nc6 8. Qd2
e5 9. d5 Ne7 10. Rad1 Bd7 11. Bh6 b5 12. Bxg7 Kxg7 13. a3 a5 14. b4 axb4 15.
axb4 Ra3 16. Nh4 Rxc3 17. Qxc3 Nxe4 18. Qa3 Nf6 19. c4 bxc4 20. Bxc4 Nexd5 21.
Bxd5 Nxd5 22. Rxd5 Qxh4 23. Qc3 Be6 24. Ra5 Qc4 25. Qb2 Rb8 26. b5 Bd7 27. Rb1
Rb6 28. Rc1 Rxb5 29. Rxb5 Qxb5 30. Qxb5 Bxb5 31. Rxc7 Kf6 32. f3 h5 33. Kf2 Ke6
34. g3 d5 35. f4 f6 36. Rb7 Bc4 37. Rc7 Kf5 38. Kf3 Bb3 39. fxe5 fxe5 40. Rf7+
Ke6 41. Rb7 Bd1+ 42. Ke3 d4+ 43. Kd3 1/2-1/2

[Event "Fall TNM"]
[Site "San Francisco"]
[Date "2005.11.15"]
[Round "3"]
[White "Wilkerson, Max"]
[Black "Stephenson, Lloyd"]
[Result "0-1"]
[WhiteElo "1900"]
[BlackElo "1782"]
[PlyCount "62"]
[EventDate "2005.11.01"]
[EventType "swiss"]
[EventRounds "8"]
[EventCountry "USA"]

1. c4 Nf6 2. Nf3 e6 3. d4 b6 4. g3 Bb7 5. Bg2 Be7 6. O-O O-O 7. Nc3 Ne4 8. Qc2
d5 9. cxd5 exd5 10. Bf4 Na6 11. Rac1 c5 12. dxc5 Nxc3 13. bxc3 Nxc5 14. Nd4 Bg5
15. Bxg5 Qxg5 16. Rcd1 Rac8 17. Bh3 Rcd8 18. f4 Qf6 19. Bg2 Rfe8 20. Rde1 Ne4
21. Rf3 Rc8 22. Rd1 Rc4 23. Qb2 Rec8 24. Bh3 R8c5 25. Nb3 Rc7 26. Nd4 a6 27.
Re3 h5 28. Bg2 Nxc3 29. Rd2 Ne4 30. Bxe4 dxe4 31. Nb3 Qe7 0-1

[Event "Fall TNM"]
[Site "San Francisco"]
[Date "2005.11.15"]
[Round "3"]
[White "Woebcke, Carl"]
[Black "Regan, Jack"]
[Result "0-1"]
[WhiteElo "1718"]
[BlackElo "1555"]
[PlyCount "84"]
[EventDate "2005.11.01"]
[EventType "swiss"]
[EventRounds "8"]
[EventCountry "USA"]

1. e4 c6 2. d4 d5 3. e5 Bf5 4. Bd3 Bxd3 5. Qxd3 e6 6. Bd2 Qb6 7. Nc3 Qa6 8. Qg3
Ne7 9. Nge2 Nf5 10. Qd3 Qxd3 11. cxd3 Na6 12. a3 c5 13. Nb5 cxd4 14. Nexd4 Nxd4
15. Nxd4 Nc5 16. Ke2 Be7 17. b4 Nd7 18. Nb5 Kd8 19. d4 Nb6 20. Rhc1 Nc4 21. Be1
a6 22. Nc3 Bg5 23. Rc2 f6 24. g3 fxe5 25. dxe5 Kd7 26. Na4 Be7 27. Rxc4 dxc4
28. Nb6+ Kc6 29. Nxa8 Rxa8 30. a4 b5 31. axb5+ Kxb5 32. Ra5+ Kb6 33. b5 Ra7 34.
Rxa6+ Rxa6 35. bxa6 Kxa6 36. Bc3 Kb5 37. Kd2 g5 38. h3 Bb4 39. Bxb4 Kxb4 40. f4
gxf4 41. gxf4 Kc5 42. Kc3 Kd5 0-1

[Event "Fall TNM"]
[Site "San Francisco"]
[Date "2005.11.15"]
[Round "3"]
[White "Yamamoto, Craig"]
[Black "Livschitz, Jennifer"]
[Result "1/2-1/2"]
[WhiteElo "1577"]
[BlackElo "1230"]
[PlyCount "112"]
[EventDate "2005.11.01"]
[EventType "swiss"]
[EventRounds "8"]
[EventCountry "USA"]

1. e4 e5 2. Nf3 Nc6 3. Bc4 Nf6 4. Nc3 Bc5 5. O-O O-O 6. d3 h6 7. a3 d6 8. b4
Bb6 9. Na4 Bg4 10. Nxb6 axb6 11. h3 Bxf3 12. Qxf3 Nxb4 13. Bxh6 Nxc2 14. Qg3
Nh5 15. Qg4 Qf6 16. Bg5 Qg6 17. Ra2 Nd4 18. Be7 Qxg4 19. hxg4 Rfe8 20. Bxd6
cxd6 21. gxh5 b5 22. Bd5 Re7 23. f4 b4 24. axb4 Rxa2 25. Bxa2 Ne2+ 26. Kf2 Nxf4
27. Rd1 Nxh5 28. d4 Nf6 29. dxe5 Nxe4+ 30. Kf3 Rxe5 31. Rd4 Ng5+ 32. Kf2 Rf5+
33. Kg3 Rf6 34. Rc4 Kf8 35. Rc8+ Ke7 36. Rc7+ Kd8 37. Rxb7 Ne6 38. Bxe6 Rxe6
39. Rxf7 Re4 40. Rf4 Rxf4 41. Kxf4 Kc7 42. Ke4 Kc6 43. Kd4 Kb5 44. Kd5 Kxb4 45.
Kxd6 Kc4 46. Ke5 Kc5 47. Kf5 $2 {now it's a draw} (47. g4 {wins here}) 47...
Kd6 48. Kg6 Ke6 49. g4 Ke5 50. Kg5 Ke6 51. Kg6 Ke5 52. Kg5 Ke6 53. Kg6 Ke5 54.
g5 Kf4 55. Kh5 Kf5 56. g6 Kf6 1/2-1/2

[Event "Fall TNM"]
[Site "San Francisco"]
[Date "2005.11.22"]
[Round "4"]
[White "Allen, Tom"]
[Black "Braden, Brian"]
[Result "1-0"]
[WhiteElo "1506"]
[BlackElo "1127"]
[PlyCount "53"]
[EventDate "2005.11.01"]
[EventType "swiss"]
[EventRounds "8"]
[EventCountry "USA"]

1. e4 e5 2. Nf3 d6 3. d4 exd4 4. Bc4 Be7 5. Qxd4 Nf6 6. O-O Nc6 7. Qe3 O-O 8.
Nc3 Be6 9. Nd5 Qd7 10. Rd1 Ng4 11. Qe2 Nge5 12. Bb5 Bg4 13. Nxe5 Bxe2 14. Nxd7
Bxd1 15. Bxc6 bxc6 16. Nxe7+ Kh8 17. Nxf8 Rxf8 18. Nxc6 Bxc2 19. f3 a6 20. Nb4
Ba4 21. Nxa6 Rc8 22. Bf4 Bb5 23. Nb4 h6 24. a4 Ra8 25. a5 Kg8 26. Nd5 c6 27.
Nc7 1-0

[Event "Fall TNM"]
[Site "San Francisco"]
[Date "2005.11.22"]
[Round "4"]
[White "Belanoff, Ted"]
[Black "Kleiman, Charles"]
[Result "0-1"]
[WhiteElo "1803"]
[BlackElo "1883"]
[PlyCount "108"]
[EventDate "2005.11.01"]
[EventType "swiss"]
[EventRounds "8"]
[EventCountry "USA"]

1. e4 d5 2. exd5 Qxd5 3. Nc3 Qa5 4. d4 Nf6 5. Bc4 Bf5 6. Bd2 c6 7. Nf3 Qb6 8.
O-O e6 9. Re1 Bd6 10. Nh4 Bg4 11. Be2 Qxd4 12. Bxg4 Qxg4 13. Qxg4 Nxg4 14. Nf5
Bxh2+ 15. Kh1 Be5 16. f3 exf5 17. fxg4 Nd7 18. Bf4 f6 19. gxf5 O-O-O 20. Bxe5
Nxe5 21. Ne4 b6 22. a4 Rd5 23. b4 Re8 24. a5 Kb7 25. c4 Rd4 26. c5 Nc4 27. Nd6+
Nxd6 28. cxd6 Rxe1+ 29. Rxe1 Rxd6 30. Re7+ Ka6 31. Rxg7 Rd5 32. axb6 axb6 33.
g4 Kb5 34. Rxh7 Kxb4 35. Rf7 Kc5 36. Rxf6 Rd4 37. g5 Rh4+ 38. Kg2 Rg4+ 39. Kf3
Rxg5 40. Kf4 Rg8 41. Ke5 b5 42. Rg6 Rb8 43. f6 Re8+ 44. Kf5 b4 45. f7 Rf8 46.
Ke6 Kb5 47. Rg5+ c5 48. Rf5 b3 49. Kd6 Kb4 50. Kd5 c4 51. Kd4 c3 52. Rc5 c2 53.
Rc4+ Ka3 54. Rc7 Kb2 0-1

[Event "Fall TNM"]
[Site "San Francisco"]
[Date "2005.11.22"]
[Round "4"]
[White "Cendejas, Juan"]
[Black "Nochomovitz, Yigal"]
[Result "1-0"]
[WhiteElo "1852"]
[BlackElo "1765"]
[PlyCount "108"]
[EventDate "2005.11.01"]
[EventType "swiss"]
[EventRounds "8"]
[EventCountry "USA"]

1. e4 e6 2. d4 d5 3. exd5 exd5 4. Bd3 Bd6 5. Nf3 Bg4 6. h3 Bh5 7. O-O Ne7 8.
Re1 Nbc6 9. c3 f6 10. b4 Qd7 11. a4 Bg6 12. a5 Kf7 13. b5 Nd8 14. Ba3 Ne6 15.
c4 Bxa3 16. Nxa3 Nf4 17. Bf1 Be4 18. cxd5 Bxd5 19. Nc4 Qf5 20. Ra3 g5 21. g4
Qc8 22. Rc3 Qg8 23. Ne3 Rc8 24. Nxd5 Nfxd5 25. Bc4 Qd8 26. Qe2 Kg7 27. Qe6 Re8
28. Rcc1 Qd6 29. Bxd5 Nxd5 30. Qf5 Rxe1+ 31. Rxe1 Rf8 32. h4 gxh4 33. Nxh4 Ne7
34. Qh5 Kg8 35. Re4 Rf7 36. Nf5 Nxf5 37. Qxf5 Re7 38. f4 Rxe4 39. Qxe4 Kg7 40.
Kg2 c6 41. bxc6 bxc6 42. f5 Qd5 43. Kf3 h6 44. a6 Kf7 45. Ke3 Qxe4+ 46. Kxe4
Ke7 47. Kd3 Kd6 48. Kc4 Kc7 49. Kc5 Kd7 50. d5 cxd5 51. Kxd5 Kc7 52. Ke6 Kb6
53. Kxf6 Kxa6 54. Kg6 Kb5 1-0

[Event "Fall TNM"]
[Site "San Francisco"]
[Date "2005.11.22"]
[Round "4"]
[White "Chalissery, Jossy"]
[Black "Blagodarsky, Ilya"]
[Result "1-0"]
[WhiteElo "1688"]
[BlackElo "1332"]
[PlyCount "85"]
[EventDate "2005.11.01"]
[EventType "swiss"]
[EventRounds "8"]
[EventCountry "USA"]

1. Nf3 d5 2. g3 c5 3. Bg2 Nc6 4. O-O Bg4 5. d3 e6 6. Nbd2 Bd6 7. e4 d4 8. Nc4
Be7 9. a4 a5 10. c3 dxc3 11. bxc3 Bf6 12. Qc2 Nb4 13. cxb4 Bxa1 14. bxc5 Ne7
15. Nd6+ Kf8 16. Ng5 Bh5 17. Bb2 Bxb2 18. Qxb2 Rb8 19. e5 Nc8 20. f4 Nxd6 21.
cxd6 h6 22. Ne4 Bg6 23. Rc1 Kg8 24. Rc7 b6 25. d4 Kh7 26. Nc3 f6 27. Ne4 fxe5
28. dxe5 Bxe4 29. Bxe4+ Kg8 30. Qb3 Qe8 31. Re7 Qc8 32. Qxe6+ Qxe6 33. Rxe6 Kf7
34. Re7+ Kf8 35. Rc7 Ke8 36. Rxg7 Kd8 37. Bf5 b5 38. Rd7+ Ke8 39. axb5 Rxb5 40.
Rc7 Rb8 41. Ra7 Kd8 42. Rxa5 Rg8 43. Ra7 1-0

[Event "Fall TNM"]
[Site "San Francisco"]
[Date "2005.11.22"]
[Round "4"]
[White "Crawford, Gareth"]
[Black "Naroditsky, Alan"]
[Result "0-1"]
[WhiteElo "1323"]
[BlackElo "1687"]
[PlyCount "82"]
[EventDate "2005.11.01"]
[EventType "swiss"]
[EventRounds "8"]
[EventCountry "USA"]

1. e4 c5 2. Nf3 d6 3. Bb5+ Bd7 4. Bxd7+ Nxd7 5. O-O Ngf6 6. Qe2 g6 7. c3 Bg7 8.
d3 O-O 9. h3 Re8 10. Be3 a6 11. Qd2 b5 12. Bh6 Bh8 13. Re1 Rc8 14. g4 a5 15. a4
b4 16. Qf4 Nf8 17. h4 Qd7 18. Nh2 Ne6 19. Qf3 Rb8 20. e5 dxe5 21. Rxe5 Red8 22.
Re3 Nd5 23. Re4 bxc3 24. bxc3 Nxc3 25. Nxc3 Bxc3 26. Rc1 Bd4 27. Rc4 Rb2 28.
Re2 Rb1+ 29. Kg2 Rdb8 30. Nf1 Qb7 31. Nd2 Qxf3+ 32. Kxf3 R1b4 33. Ke4 Rb2 34.
Be3 R8b4 35. Kf3 Ra2 36. Ne4 Raxa4 37. Nxc5 Bxc5 38. Bxc5 Rxc4 39. dxc4 Nxc5
40. Rxe7 Rxc4 41. Ra7 a4 0-1

[Event "Fall TNM"]
[Site "San Francisco"]
[Date "2005.11.22"]
[Round "4"]
[White "Dorn, Richard"]
[Black "Mar, Henry"]
[Result "1-0"]
[WhiteElo "1933"]
[BlackElo "1565"]
[PlyCount "67"]
[EventDate "2005.11.01"]
[EventType "swiss"]
[EventRounds "8"]
[EventCountry "USA"]

1. c4 Nf6 2. Nc3 e6 3. g3 Be7 4. Bg2 O-O 5. d4 c6 6. e4 d6 7. f4 Nbd7 8. Nf3 h6
9. Be3 Ng4 10. Bg1 f5 11. e5 h5 12. h3 Nh6 13. Be3 Qe8 14. Ng5 Nb6 15. Qe2 Bd7
16. Bf3 g6 17. g4 Bxg5 18. fxg5 Nf7 19. gxh5 Nh8 20. O-O-O d5 21. c5 Nc4 22.
Bf4 b5 23. hxg6 Nxg6 24. Qh2 Kg7 25. h4 Rh8 26. h5 a5 27. Qg3 Nxf4 28. Qxf4 Qe7
29. h6+ Kg8 30. g6 Be8 31. h7+ Rxh7 32. Rxh7 Qf8 33. Rdh1 Bxg6 34. Rh8+ 1-0

[Event "Fall TNM"]
[Site "San Francisco"]
[Date "2005.11.22"]
[Round "4"]
[White "Dunham, Tom"]
[Black "Litowsky, Dan"]
[Result "0-1"]
[WhiteElo "1336"]
[BlackElo "1710"]
[PlyCount "62"]
[EventDate "2005.11.01"]
[EventType "swiss"]
[EventRounds "8"]
[EventCountry "USA"]

1. e4 e5 2. Nf3 Nc6 3. d4 exd4 4. Nxd4 d6 5. Bb5 Bd7 6. Nc3 Nf6 7. O-O Be7 8.
Bxc6 bxc6 9. Bd2 O-O 10. Qe1 Rb8 11. b3 Re8 12. Nde2 h6 13. f3 Nh7 14. Nf4 Bf6
15. Nh5 Bh4 16. Qe3 a6 17. f4 Bg4 18. Ng3 Nf6 19. Qd3 Qc8 20. Rae1 Nh5 21. Nce2
Nf6 22. Nd4 c5 23. Nf3 Bxg3 24. hxg3 Qb7 25. Bc3 Nxe4 26. Ba5 Nxg3 27. Qc3 Nf5
28. Nh4 Nd4 29. Nf3 Bxf3 30. gxf3 Rxe1 31. Rxe1 Qxf3 0-1